En la roca / (Registro nro. 179625)
[ vista simple ]
| 000 -LEADER | |
|---|---|
| campo de control de longitud fija | 01182nam a2200313 i 4500 |
| 001 - NÚMERO DE CONTROL | |
| campo de control | 179625 |
| 003 - IDENTIFICADOR DE NÚMERO DE CONTROL | |
| campo de control | ES-MaACL |
| 005 - FECHA Y HORA DE LA ÚLTIMA TRANSACCIÓN | |
| campo de control | 20250819063111.0 |
| 008 - DATOS DE LONGITUD FIJA--INFORMACIÓN GENERAL | |
| campo de control de longitud fija | 111226s2010 sp aceo |||| |dspa d |
| 020 ## - NÚMERO INTERNACIONAL ESTÁNDAR DEL LIBRO | |
| Número Internacional Estándar del Libro | 978-84-87744-52-5 |
| 080 ## - NÚMERO DE LA CLASIFICACIÓN DECIMAL UNIVERSAL | |
| Número de la Clasificación Decimal Universal | 792(083.97) |
| 100 1# - ENTRADA PRINCIPAL--NOMBRE DE PERSONA | |
| Nombre de persona | Caballero, Ernesto, |
| Fechas asociadas al nombre | 1957- |
| 9 (RLIN) | 33077 |
| 245 10 - MENCIÓN DEL TÍTULO | |
| Título | En la roca / |
| Mención de responsabilidad, etc. | de Ernesto Caballero ; dirección, Ignacio García. |
| 250 ## - MENCION DE EDICION | |
| Mención de edición | 1ª ed. |
| 260 ## - PUBLICACIÓN, DISTRIBUCIÓN, ETC. | |
| Lugar de publicación, distribución, etc. | Madrid : |
| Nombre del editor, distribuidor, etc. | Teatro Español, |
| Fecha de publicación, distribución, etc. | 2010. |
| 300 ## - DESCRIPCIÓN FÍSICA | |
| Extensión | 227 p. : |
| Otras características físicas | il. col. y n., planos, retr. ; |
| Dimensiones | 20 x 20 cm. |
| 490 1# - MENCIÓN DE SERIE | |
| Mención de serie | Cuadernos del Teatro Español ; |
| Designación de volumen o secuencia | 28 |
| 505 8# - NOTA DE CONTENIDO CON FORMATO | |
| Nota de contenido con formato | Contiene: ; |
| Título | Los viejos retratos / |
| Mención de responsabilidad | Ernesto Caballero. -- |
| Título | El ileso novio de la muerte / |
| Mención de responsabilidad | Eliseo Bayo |
| 600 14 - PUNTO DE ACCESO ADICIONAL DE MATERIA--NOMBRE DE PERSONA | |
| Nombre de persona | Caballero, Ernesto, |
| Fechas asociadas al nombre | 1957- |
| 9 (RLIN) | 33077 |
| 650 #7 - PUNTO DE ACCESO ADICIONAL DE MATERIA--TÉRMINO DE MATERIA | |
| Término de materia o nombre geográfico como elemento de entrada | Teatro- |
| Subdivisión general | Programas. |
| 9 (RLIN) | 145288 |
| 700 1# - ENTRADA AGREGADA--NOMBRE PERSONAL | |
| Nombre de persona | García May, Ignacio, |
| Fechas asociadas al nombre | 1965- |
| 9 (RLIN) | 148858 |
| 710 2# - ENTRADA AGREGADA--NOMBRE DE ENTIDAD CORPORATIVA | |
| Nombre de entidad corporativa o nombre de jurisdicción como elemento de entrada | Teatro Español (Madrid) |
| 9 (RLIN) | 143020 |
| 740 42 - ENTRADA AGREGADA--TÍTULO RELACIONADO/ANALÍTICO NO CONTROLADO | |
| Título relacionado o analítico no controlado | Los viejos retratos. |
| 740 32 - ENTRADA AGREGADA--TÍTULO RELACIONADO/ANALÍTICO NO CONTROLADO | |
| Título relacionado o analítico no controlado | El ileso novio de la muerte. |
| 830 0# - PUNTO DE ACCESO ADICIONAL DE SERIE-TÍTULO UNIFORME | |
| Título uniforme | Cuadernos del Teatro Español ; |
| Designación de volumen o secuencia | 28 |
| 9 (RLIN) | 189460 |
| 852 ## - LOCALIZACIÓN | |
| Ubicación | ES-MaACL |
| Número de control de estantería | A-11769 |
| itemnumber | 186522 |
| Sublocalización o colección | R.146413 |
| Ubicación en estantería | Depósito 1 |
| Signatura antigua | Olim: N-4774 |
| 942 ## - ELEMENTOS DE ENTRADA SECUNDARIOS (KOHA) | |
| Fuente del sistema de clasificación o colocación | Clasificación decimal universal |
| Tipo de ítem Koha | Libro impreso |
| Estatus retirado | Estado de pérdida | Fuente del sistema de clasificación o colocación | Estado de daño | No para préstamo | Biblioteca de origen | Biblioteca actual | Ubicación en estantería | Fecha de adquisición | Fuente de adquisición | Total de préstamos | Signatura topográfica completa | Código de barras | Visto por última vez | Precio de reemplazo | Tipo de ítem Koha |
|---|---|---|---|---|---|---|---|---|---|---|---|---|---|---|---|
| Clasificación decimal universal | Biblioteca del Ateneo de Madrid | Biblioteca del Ateneo de Madrid | Depósito 1 | 26/12/2011 | Donación | A-11769 | 1188700 | 23/02/2023 | 23/02/2023 | Libro impreso |
